00434 a2200121 4500001001000000005001700010008004100027245008500068100003000153700004100183700002300224773006500247ART_3065320260410162003.0260409a 10aInformación medioambiental para los usuarios de los establecimientos contables1 aFronti de García, Luisa1 aPahlen Acuña, Ricardo Jose María1 aCampo, Ana María0 tForo económicog- Año VIII, Nº 13 (jun. 2003)wREV30369